000 01370cam a2200277 a 4500
999 _c234422
_d234422
001 13095937
003 Nust
005 20170320163343.0
008 030219s2003 nyua b 001 0 eng
010 _a 2003003630
020 _a0195158121 (hardcover)
040 _aDLC
_cDLC
_dDLC
050 0 0 _aBF575.E65
_bE67 2003
082 0 0 _a179.8 EPS
_221
100 1 _aEpstein, Joseph,
_d1937-
245 1 0 _aEnvy /
_cJoseph Epstein.
_bThe Seven Deadly Sins
260 _a[New York] :
_bNew York Public Library ;
_aOxford ;
_aNew York :
_bOxford University Press,
_c2003.
300 _axxv, 109 p. :
_bill. ;
_c19 cm.
440 4 _aThe seven deadly sins
500 _aH.B.
504 _aIncludes bibliographical references (p. [99]-102) and index.
630 0 0 _aEnvy.
856 4 2 _3Publisher description
_uhttp://www.loc.gov/catdir/enhancements/fy0614/2003003630-d.html
856 4 2 _3Contributor biographical information
_uhttp://www.loc.gov/catdir/enhancements/fy0722/2003003630-b.html
906 _a7
_bcbc
_corignew
_d1
_eecip
_f20
_gy-gencatlg
942 _2ddc
_cBK
_k179.8 EPS